Pays ayant exactement 2 voyelles - Statistiques

Statistiques générales
  • Ce quiz a été pris 138 fois
  • Le résultat moyen est 18 sur 28
Statistiques - réponses
Hint Réponse % Correct
a e France
83%
i e Chine
80%
a o Japon
78%
i i Chili
76%
o o Togo
76%
a o Maroc
75%
o a Oman
75%
a i Mali
74%
a a Ghana
73%
a o Laos
73%
i e Inde
70%
i a Iran
69%
i a Irak
68%
o a Tonga
68%
a a Qatar
65%
e i Benin
63%
i a Liban
62%
e i Brésil
61%
i i Fidji
61%
u a Cuba
59%
e e Grèce
59%
a e Malte
59%
e a Népal
58%
y e Chypre
57%
i e Niger
57%
a o Gabon
54%
a a Rwanda
46%
a e Cap-Vert
40%
Aucun quiz correspondant
Distribution des résultats
% des personnes avec chaque résultat
Percentile par nombre de réponses
Votre historique - résultats
Vous n’avez pas pris ce quiz